00674 2200217 4500001002100000005001500021035002000036007000300056008004100059020001800100082001100118084001700129100001900146245005300165260004600218500013700264650002200401856001700423990000800440990000800448INLIS00000000000022720220309080712 a0010-0322000025ta220309 g 0 ind  a9789790260269 a297.63 a297.63 DZI a0 aDzikry el-Hans1 aAbu Ubaidah bin Jarrah :bSosok Kepercayaan Umat aPustaka Insan Madani :bYogyakarta,c2008 aSejarah kehidupan Abu Ubaidah bin Jarrah : sosok kepercayaan umat. setelah masuk islam, ia berjuang dengan penuh semangat demi islam 4aNabi Muhammad SAW aKoleksi Umum a598 a599